10 largest US cities in 1900, 1950, 2000 - Statistics

General Stats
  • This quiz has been taken 115 times
  • The average score is 26 of 30
Answer Stats
1900 % Correct
Chicago
100%
Chicago
100%
Chicago
100%
New York
100%
New York
100%
New York
100%
Los Angeles
99%
Los Angeles
99%
San Francisco
94%
Philadelphia
93%
Philadelphia
93%
Philadelphia
93%
Boston
91%
Boston
91%
Dallas
90%
Houston
88%
Detroit
84%
Detroit
84%
Washington DC
81%
San Diego
78%
Baltimore
77%
Baltimore
77%
Phoenix
77%
Cleveland
76%
Cleveland
76%
St. Louis
69%
St Louis
69%
San Antonio
67%
Cincinnati
59%
Buffalo
56%
No matching quizzes found
Score Distribution
Percent of People with Each Score
Percentile by Number Answered
Your Score History
You have not taken this quiz